Capitales d'Afrique - Quiz - (2/3) - Statistiques

Statistiques générales
  • Ce quiz a été pris 229 fois
  • Le résultat moyen est 12 sur 18
Statistiques - réponses
Pays Capitale % Correct
Maroc Rabat
95%
Guinée-Bissau Bissau
90%
Mali Bamako
86%
Madagascar Antananarivo
83%
Kenya Nairobi
83%
Libye Tripoli
83%
Éthiopie Addis-Abeba
70%
Gabon Libreville
70%
Guinée Conakry
68%
Ghana Accra
67%
Maurice Port-Louis
65%
Mauritanie Nouakchott
57%
Liberia Monrovia
54%
Mozambique Maputo
52%
Gambie Banjul
48%
Malawi Lilongwe
43%
Lesotho Maseru
43%
Guinée Équatoriale Malabo
41%
Aucun quiz correspondant
Distribution des résultats
% des personnes avec chaque résultat
Percentile par nombre de réponses
Votre historique - résultats
Vous n’avez pas pris ce quiz